000 00257nam a22001217a 4500
008 180207b xxu||||| |||| 00| 0 eng d
041 _aeng
080 _a616.34
100 _a9
101 _aGAS
245 _aGASTROENTEROLOGY
_cHENRY.L.B
942 _2udc
_cBK
999 _c41980
_d41980